000 00732nam a2200253Ia 4500
003 OSt
005 20220926005026.0
006 a|||||r|||| 00| 0
007 ta
008 220923b |||||||| |||| 00| 0 eng d
020 _a8170360315
037 _cGeneral Book
040 _aRTL
_cRTL
_beng
041 _2eng
_aeng
082 _aX9(J).243.N85<-M50, M6
100 _aChanda G K
_9309620
245 0 _aState and rural economic transformation
_b The case
260 _a New Delhi
_bSage Publication India
_c1986
300 _a369p.
_ccm.
500 _aBibliography P 357-64
650 _aPunjab
_9243311
942 _hX9(J).243.N85<-M50, M6
_cGB
_2CC
999 _c612781
_d612781